000 01202cam a22003857a 4500
003 CHAP
005 20230719085525.0
008 010926d2000 mx r 00110 spa d
010 _a85360
011 _a86332
020 _a9701703200
035 _a96870
040 _cCHAP
082 0 0 _a001.61
_bH5Y
100 0 0 _aHabraken, Joe.
_952151
245 1 0 _aMicrosoft Office 2000
_b8 en 1
_c/por Joe Habraken
260 _aMéxico, D.F. :
_bPearson Educación,
_c2000.
300 _a1279 p. :
_bilus.
590 _aBATCH-UPD
_b10
_c20130110
_lUCH01
_h0358
590 _aBATCH-UPD
_b10
_c20130110
_lUCH01
_h1936
590 _aBATCH-UPD
_b10
_c20130410
_lUCH01
_h0031
590 _aBATCH-UPD
_b10
_c20130913
_lUCH01
_h1849
590 _aCONVERSION
_b10
_c20130109
_lUCH01
_h1347
650 1 7 _aMicrosoft Access
_2
_9413
650 1 4 _aComputación.
_926122
650 1 4 _aExcel.
_939029
650 1 4 _aLenguajes de programación.
_965989
650 1 4 _aPower point.
_991179
650 1 4 _aWindows (Sistema operativo)
_9122259
650 1 4 _aWord.
_9122602
901 _aBK
905 _aAlejandra Carrasco M.
942 _cLIBRO
949 _a001.61 H5Y
_bBC
_cLIBRO
_d33724000863114
_eLIBRO
_h102161
_i96870
_si
_t$ 325.00
999 _c85360
_d85360